[Event "AUTO-ADV-4924"]
[Site "http://www.queenalice.com/game.php?id=1873388"]
[Date "2026.5.14"]
[Round "2"]
[White "Jsc"]
[Black "altair"]
[Result "1-0"]
[WhiteElo "2040"]
[BlackElo "1813"]

1. e4 e5 2. Nf3 d6 3. h3 Nf6 4. Nc3 a6 5. a4 h6 6. Bc4 b6 7. O-O Bd7 8. d3 Be7
9. Be3 O-O 10. b4 c6 11. Qd2 b5 12. axb5 cxb5 13. Nxb5 Bxb5 14. Bxb5 Qc8 15. Bc4
Nc6 16. b5 axb5 17. Rxa8 Qxa8 18. Bxb5 Nh7 19. Bc4 Bd8 20. Bd5 Qa6 21. Qc3 Ne7
22. Ra1 Qc8 23. Qxc8 Nxc8 24. Bb3 Bf6 25. Nd2 Ne7 26. Ra6 Rd8 27. Bb6 Rd7 28.
Ba5 Bg5 29. Nc4 d5 30. Nxe5 Rb7 31. exd5 Nf6 32. d6 Nc8 33. Ra8 Kh7 34. Rxc8 Rb5
35. Nc4 Bf4 36. Bc3 Rd5 37. Bxf6 gxf6 38. Nb6 Rxd6 39. Nc4 Re6 40. Kf1 Ra6 41.
Ke2 f5 42. g3 Bg5 43. Re8 Bf6 44. Kf3 Bd4 45. Ne3 Kg6 46. Rd8 Bf6 47. Rd5 f4 48.
Kxf4 Bg5+ 49. Kg4 f5+ 50. Nxf5 h5+ 51. Kf3 Rf6 52. g4 hxg4+ 53. hxg4 Bh4 54. Rd6
Rxd6 55. Nxd6 Kf6 56. Kf4 Ke7 57. Nf5+ 1-0

[Event "Challenge"]
[Site "http://www.queenalice.com/game.php?id=1873407"]
[Date "2026.5.15"]
[Round "-"]
[White "jogo"]
[Black "altair"]
[Result "0-1"]
[WhiteElo "1346"]
[BlackElo "1831"]

1. e4 e5 2. Nf3 d6 3. d4 Nc6 4. dxe5 dxe5 5. c3 Bd6 6. Bc4 h6 7. O-O Nf6 8. Qe2
O-O 9. b4 Be6 10. Bxe6 fxe6 11. b5 Na5 12. Rd1 Qe7 13. Nh4 Rfd8 14. Ng6 Qf7 15.
Nh4 b6 16. g3 Bc5 17. Rxd8+ Rxd8 18. Nd2 Ng4 19. Qxg4 Qxf2+ 0-1